书目信息 |
| 题名: |
城市规划与管理
|
|
| 作者: | 王庆海 著 | |
| 分册: | ||
| 出版信息: | 北京 中国建筑工业出版社 2006.01 |
|
| 页数: | 12, 310页 | |
| 开本: | 24cm | |
| 丛书名: | ||
| 单 册: | ||
| 中图分类: | TU984 | |
| 科图分类: | ||
| 主题词: | 城市规划--cheng shi gui hua , 城市管理--cheng shi guan li | |
| 电子资源: | ||
| ISBN: | 7-112-07738-9 | |
| 000 | 00823nam0 2200253 450 | |
| 001 | 012008493955 | |
| 005 | 20080128094033.92 | |
| 010 | @a7-112-07738-9@dCNY42.00 | |
| 100 | @a20080126d2006 em y0chiy0120 ea | |
| 101 | 0 | @achi |
| 102 | @aCN@b110000 | |
| 105 | @aa a 000yy | |
| 106 | @ar | |
| 200 | 1 | @a城市规划与管理@Acheng shi gui hua yu guan li@f王庆海著@Fwang qing hai zhu |
| 210 | @a北京@c中国建筑工业出版社@d2006.01 | |
| 215 | @a12, 310页@c图@d24cm | |
| 320 | @a有书目 | |
| 330 | @a本书从城市规划行政主管领导的视角,对经济的增长、城市化水平、三农问题、城市建设管理等问题进行了详尽的阐述。 | |
| 606 | 0 | @a城市规划@Acheng shi gui hua |
| 606 | 0 | @a城市管理@Acheng shi guan li |
| 690 | @aTU984@v4 | |
| 701 | 0 | @a王庆海@Awang qing hai@4著 |
| 801 | 0 | @aCN@bQSSK@c20080128 |
| 905 | @b280806-08@dTU984@eW312@f3 | |
| 城市规划与管理/王庆海著.-北京:中国建筑工业出版社,2006.01 |
| 12, 310页:图;24cm |
| ISBN 7-112-07738-9:CNY42.00 |
| 本书从城市规划行政主管领导的视角,对经济的增长、城市化水平、三农问题、城市建设管理等问题进行了详尽的阐述。 |
| ● |
| 相关链接 |
|
|
|
正题名:城市规划与管理
索取号:TU984/W312
 
预约/预借
| 序号 | 登录号 | 条形码 | 馆藏地/架位号 | 状态 | 备注 |
| 1 | 280806 | 202808060 | 建筑库201/201建筑库 61排2列3层/ [索取号:TU984/W312] | 在馆 | |
| 2 | 280807 | 202808079 | 建筑库201/201建筑库 61排2列3层/ [索取号:TU984/W312] | 在馆 | |
| 3 | 280808 | 202808088 | 建筑与城市规划学院资料室/101建筑库 85排4列4层/ [索取号:TU984/W312] | 在馆 |